| 000 | 00661cas a22002053a 4500 | ||
|---|---|---|---|
| 005 | 20170509124812.0 | ||
| 008 | 020311c19969999dcuqr p 0 a0eng | ||
| 040 |
_aCO-BoIAVH _cCO-BoIAVH |
||
| 041 | 0 | _aeng | |
| 044 | _axxu | ||
| 090 | _aSE- | ||
| 245 | 0 | 0 | _aBird conservation |
| 260 |
_aWashington, D.C. (EE.UU.) : _bAmerican Bird Conservancy, _c1996-. |
||
| 300 |
_bilustraciones ; _c28 x 21 cm. |
||
| 650 | 2 | 6 |
_aAves _xConservación _zAmérica _vPublicaciones periódicas |
| 710 | 2 | _aAmerican Bird Conservancy | |
| 710 | 2 | _aPartners in Flight | |
| 710 | 2 | _aNational Fish and Wildlife Foundation (U.S.) | |
| 942 |
_2z _cREVISTA |
||
| 999 |
_c16724 _d16724 |
||